Normal view MARC view
  • Giannantonio

Entry Personal Name

Number of records used in: 1

001 - CONTROL NUMBER

  • control field: 3339

003 - CONTROL NUMBER IDENTIFIER

  • control field: IT-RoPau

005 - DATE AND TIME OF LATEST TRANSACTION

  • control field: 20131124154057.0

008 - FIXED-LENGTH DATA ELEMENTS

  • fixed length control field: 131124|| aca||aabn | a|a d

040 ## - CATALOGING SOURCE

  • Original cataloging agency: IT-RoPau
  • Transcribing agency: IT-RoPau

100 ## - HEADING--PERSONAL NAME

  • Personal name: Giannantonio
  • Dates associated with a name: Codice autore musica SPICS: 14007
  • Relator term: Autore musica
  • Name of part/section of a work: Autunno

670 ## - SOURCE DATA FOUND

  • Source citation: Work cat.: (IT-RoPau)100047: AA.VV. 794, Nostalgia (dopo la guerra)
CREDITS: SOCIETA' SAN PAOLO Via A.Severo, 58 - ROMA (RM) & PERIODICI SAN PAOLO SRL Via Giotto, 36 MILANO & CISF Via Giotto, 36 MILANO & EDIZIONI SAN PAOLO SRL,  Piazza Soncino, 5 CINISELLO BALSAMO (MI) -- ITALY